Nikki Bella's WrestleMania Opponents - Statistics

General Stats
  • This quiz has been taken 11 times
  • The average score is 13 of 17
Answer Stats
WrestleMania Opponent % Correct
WrestleMania XXX AJ Lee
100%
WrestleMania 31 AJ Lee
100%
WrestleMania XXX Naomi
89%
WrestleMania XXX Tamina Snuka
89%
WrestleMania XXX Brie Bella
78%
WrestleMania XXX Cameron
78%
WrestleMania XXX Eva Marie
78%
WrestleMania 31 Paige
78%
WrestleMania XXX Summer Rae
78%
WrestleMania XXX Aksana
67%
WrestleMania XXX Alicia Fox
67%
WrestleMania XXX Emma
67%
WrestleMania XXX Layla
67%
WrestleMania 33* Maryse
67%
WrestleMania XXX Natalya
67%
WrestleMania XXX Rosa Mendes
67%
WrestleMania 33* The Miz
56%
No matching quizzes found
Score Distribution
Percent of People with Each Score
Percentile by Number Answered
Your Score History
You have not taken this quiz